01827nam a22004334a 4500001001200000003000800012006001900020007001500039008004100054010001700095015001900112016001800131020002800149020003100177040002100208035002000229043001200249050002400261082001900285100001700304245012900321260005800450300002500508504006600533533015200599650004100751650004500792650004000837650005200877650005200929650005500981651003401036651005701070651005701127651003701184655002901221710001701250856012601267ebr10271388CaPaEBRm u cr cn|||||||||060628s2006 enka sb 001 0 eng  z 2006021303 aGBA6475792bnb7 z0134697952Uk z0199296634 (alk. paper) z9780199296637 (alk. paper) aCaPaEBRcCaPaEBR a(OCoLC)99800768 af-sa---14aDT1756b.D83 2006eb04a305.83/9362221 aDubow, Saul.12aA commonwealth of knowledgeh[electronic resource] :bscience, sensibility, and white South Africa, 1820-2000 /cSaul Dubow. aOxford ;aNew York :bOxford University Press,c2006. aviii, 296 p. :bill. aIncludes bibliographical references (p. [279]-290) and index. aElectronic reproduction.bPalo Alto, Calif. :cebrary,d2013.nAvailable via World Wide Web.nAccess may be limited to ebrary affiliated libraries. 0aWhitesxRace identityzSouth Africa. 0aNational characteristics, South African. 0aNationalismzSouth AfricaxHistory. 0aPower (Social sciences)zSouth AfricaxHistory. 0aSciencexSocial aspectszSouth AfricaxHistory. 0aSciencexPolitical aspectszSouth AfricaxHistory. 0aSouth AfricaxRace relations. 0aSouth AfricaxPolitics and governmenty19th century. 0aSouth AfricaxPolitics and governmenty20th century. 0aSouth AfricaxIntellectual life. 7aElectronic books.2local2 aebrary, Inc.40uhttp://site.ebrary.com/lib/rucke/Doc?id=10271388zAn electronic book accessible through the World Wide Web; click to view